The limitations of science
Na minha lista:
| Autor principal: | |
|---|---|
| Formato: | Livro |
| Idioma: | inglês |
| Publicado em: |
Nueva York
A Mentor Books
1949
|
| Edição: | 1a. ed |
| Assuntos: | |
| Tags: |
Adicionar Tag
Sem tags, seja o primeiro a adicionar uma tag!
|
MARC
| LEADER | 00000nam a2200000 a 4500 | ||
|---|---|---|---|
| 001 | UCI0191 | ||
| 003 | CL-VaPUC | ||
| 008 | 070427e19490000US |||||||||||||||||eng|d | ||
| 082 | 0 | 4 | |a 501 |b SUL |2 21 |
| 100 | 0 | |a Sullivan, J. W. N |e author |9 520284 | |
| 245 | 1 | 4 | |a The limitations of science |
| 250 | |a 1a. ed | ||
| 300 | |a 192 p | ||
| 942 | |c BK | ||
| 945 | |d 20070427 00:00:00 |a cmena | ||
| 260 | |a Nueva York |b A Mentor Books |c 1949 | ||
| 650 | 0 | |a Ciencias de la vida |9 314137 | |
| 650 | 0 | |a Filosofía de las ciencias |9 256466 | |
| 583 | |a last modification |c 20070427 00:00:00 |k Rodrigo Vera | ||
| 999 | |c 325429 |d 325427 | ||
| 952 | |0 0 |1 0 |4 0 |6 501_000000000000000_SUL_1949 |7 0 |8 A |9 406313 |a BIBEDU |b BIBEDU |d 2019-11-22 |i 4213297 |o 501 SUL 1949 |p 4213297 |r 2019-11-22 |w 2019-11-22 |y BK |k LIT | ||